000 00225 a2200097 4500
001 35374
100 _aP Smith Bud E
245 _aProgramming the Intel 80386
260 _aDelhi
_bBPB Publication
_c
090 _c23402
_d23402
942 _aNUST-CAE
_cM
_c14895
999 _c270447
_d270447